00638 2200181 4500245010300000020002200103250001100125100002100136700002700157650002000184005001900204260003300223041001400256084000800270300002300278500014600301336000900447 aAir Mata Surga b : Gadis Kecil Yatim Piatu Berjuang Melawan Kanker GanascE. Rokajat AsurahText a978-602-97648-9-5 aCet. 1 aE. Rokajat Asura aTantrina Dwi Aprianita aNovel Indonesia a20231005114214 aDepokbPenerbit Imaniac2012 aIndonesia a813 a316 hlm. :c20 cm. aTim dokter dibuat tercengang dengan kesabaran yang diperlihatkan Baraah Sameh, sementara pamana dan bibinya tak kuasa menahan derai air mata. atext